[Event "Ch Bulgaria (team)"]
[Site "masterchessopen.com Sunny Beach (Bulgaria)"]
[Date "2007.10.03"]
[Round "5"]
[White "Nikolov Momchil (BUL)"]
[Black "Kolev Atanas (BUL)"]
[Result "0-1"]
[WhiteElo "2489"]
[BlackElo "2567"]

{ Kolev Atanas (BUL) +1 =0 -0 } 1.d4 Nf6 2.c4 e6 3.Nc3 Bb4 4.Qc2 d5 5.cxd5
exd5 6.Bg5 h6 7.Bh4 c5 8.dxc5 g5 ( 8...Nc6 9.e3 g5 10.Bg3 Ne4 11.Bd3 Bxc3+
12.bxc3 Nxc5 13.Ne2 Be6 14.Rb1 Qd7 15.Rb5 Nxd3+ 16.Qxd3 b6 17.h4 O-O-O 18.Nd4
Nxd4 19.cxd4 Kb7 20.Be5 Rhg8 21.hxg5 hxg5 22.Rh6 Rc8 23.Rb2 Rc1+ 24.Kd2 Rgc8
25.Qb3 R1c4 26.Rh8 Rxh8 27.Bxh8 Bf5 28.f3 { ...0-1, Bayram Yakup 2228 - Kolev
Atanas 2500 , Europe 1993 It "Balkaniada" } ) 9.Bg3 Ne4 10.e3 Qa5 ( 10...Nc6
11.Nf3 Qf6 12.Bb5 Nxc3 13.Bxc6+ bxc6 14.a3 g4 15.Be5 Ne4+ 16.axb4 Qf5 17.Bxh8
gxf3 18.Rg1 Qg4 19.Qd1 Ng5 20.Qd4 Ne4 21.Qe5+ Be6 22.Qf4 Qg6 23.Qxf3 f6 24.Qf4
Kf7 25.f3 Ng5 26.Kd2 Qf5 27.h4 Qxf4 28.exf4 Nh7 29.g4 { 1-0, Kasparov Garry
2800 - Spassky Boris V 2560 , Linares 1990 It (cat.16) } ) 11.Ne2 { ? }
11...Bf5 ( 11...Nc6 12.a3 Bf5 13.Qc1 Nxc5 14.axb4 Nd3+ 15.Kd2 Qxb4 16.Ra4 Nxc1
17.Rxb4 Nxe2 18.Rxb7 Nxg3 19.hxg3 d4 20.exd4 Nxd4 21.Nd5 Rd8 22.Bc4 O-O 23.Kc3
Ne2+ 24.Kb4 Kg7 25.Rd1 Bg4 26.Rd2 Rfe8 27.Rxa7 Re4 28.f3 Nd4 29.Rxf7+ Kxf7
30.fxe4 Ne6 31.Rf2+ { ...1-0, Beliavsky Alexander G 2650 - Timman Jan H 2590 ,
Madrid 1995 It (cat.16) } ) 12.Be5 ( 12.Qc1 Nc6 13.a3 Nxc5 14.axb4 Nd3+ 15.Kd2
Nxc1 16.Rxa5 Nb3+ 17.Ke1 Ncxa5 18.bxa5 Be6 19.a6 bxa6 20.Nd4 Nxd4 21.exd4 O-O
22.Bxa6 f6 23.Kd2 Rad8 24.Re1 Bc8 25.Bxc8 Rxc8 26.Nxd5 Rcd8 27.Ne7+ Kf7 28.Nc6
Rd7 29.Ra1 Ke6 30.Ra6 Kf5 31.Kd3 h5 { ...1-0, Vera Reynaldo 2530 - Hoffman
Alejandro 2525 , Sao Bernardo 1998 Tournament (team) } ) 12...O-O { +0.56 CAP
} ( 12...f6 13.f3 fxe5 14.fxe4 Bxe4 15.Qd2 Na6 16.Rc1 Nxc5 17.Ng3 Rd8 18.a3
Bxc3 19.Qxc3 Qxc3+ 20.Rxc3 Rc8 21.b4 Nd3+ 22.Rxd3 Bxd3 23.Bxd3 Rc3 24.Kd2 Rxa3
25.e4 Ra2+ 26.Kc3 d4+ 27.Kc4 Rxg2 28.Kd5 Rd2 29.Bb5+ Kd8 30.Kxe5 Rb2 31.Kxd4
Rxb4+ 32.Kc5 { ...0-1, Rupp Markus 2234 - Wernert Wilfrid 2306 , Germany 2002
Bundesliga (2nd) East 2001/02 } ) 13.a3 { N } ( 13.Nd4 Bg6 ( 13...Nxc3 14.Nxf5
Ne4+ 15.Kd1 Nc6 16.Bd4 Nxd4 17.exd4 Be1 18.Kc1 Rac8 19.a3 Bxf2 20.Kb1 Bxd4
21.b4 Qd8 22.Nxd4 Qf6 23.Qb2 b6 24.c6 Rxc6 25.Nxc6 Qxc6 26.Qd4 Nc3+ 27.Kb2 Rc8
28.Bd3 Ne2 29.Qe5 Re8 30.b5 Qc8 31.Qf6 Re6 32.Bh7+ Kxh7 { ...1-0, Kotanjian
Tigran 2559 - Willemze Thomas 2414 , Kavala 6. 8.2007 It (open) } ) 14.Nb3
Nxc3 15.Bxc3 Bxc2 16.Nxa5 Bxc3+ 17.bxc3 b6 18.Kd2 bxa5 19.Kxc2 Rc8 20.h4 Nd7
21.hxg5 Nxc5 22.gxh6 Ne4 23.c4 Nxf2 24.Rh4 f5 25.Rd4 dxc4 26.Bxc4+ Kh7 27.Rf1
Ng4 28.Kd2 Rab8 29.Rxf5 Rb2+ 30.Kd3 Rxg2 31.Be6 Rc7 32.Rxa5 Nf2+ { ...1-0,
Kasparov Garry 2805 - Short Nigel D 2655 , London 1993 Ch World (match) (PCA)
} ) 13...Nc6 14.Nd4 Nxc3 15.Nxc6 bxc6 { ?! } ( 15...Nb5+ { !? } 16.Ke2 Bxc2
17.Nxa5 Bxa5 18.a4 Nc7 19.b4 Rfe8 20.Bc3 d4 21.Bd2 Bxb4 22.Bxb4 Nd5 { } )
16.Qxf5 { ? } ( 16.Qb3 Bxc5 17.Qxc3 Qxc3+ 18.Bxc3 Rfe8 19.Kd2 a5 20.Bd3 Be4
21.b4 axb4 22.axb4 Bd6 { } ) 16...Ne4+ 17.Ke2 Bxa3 18.Kf3 Qd2 19.Be2 Bxb2
20.Ra2 g4+ 21.Qxg4+ Ng5+ 22.Qxg5+ hxg5 23.Rxb2 Qa5 24.h4 Rfe8 25.Bd4 Re4
26.Rhb1 Rxd4 27.exd4 Qc3+ 28.Kg4 Qxd4+ 29.Kxg5 Re8 { } {#R} 0-1

[Event "Tournament (open) \"]
[Site "masterchessopen.com Copenhagen (Denmark)"]
[Date "2007.10.09"]
[Round "5"]
[White "Eiholt Bjarne (DEN)"]
[Black "Nielsen Soren S"]
[Result "1-0"]
[WhiteElo "1656"]
[BlackElo "1579"]

1.d4 Nf6 2.c4 e6 3.Nc3 Bb4 4.Qc2 d5 5.cxd5 exd5 6.Bg5 Be6 7.e3 Nbd7 8.Bd3 c5
9.Ne2 O-O 10.O-O Rc8 11.Bxh7+ Kh8 12.Bd3 a6 13.Rad1 Rc6 14.Nf4 Qe8 15.Nxe6
Qxe6 16.Bf5 Qe8 17.a3 Ba5 18.f3 g6 19.Bh3 Kg7 20.Qf2 Bd8 21.Rde1 Be7 22.Kh1
Qd8 23.e4 cxd4 24.exd5 Rc4 25.d6 Bxd6 26.Nd5 Qa5 27.Nxf6 Nxf6 28.Qh4 Nh5 29.g4
Bf4 30.Be7 Rh8 31.gxh5 g5 32.Rg1 Qd2 33.Rxg5+ Bxg5 34.Bxg5 Rxh5 35.Bf6+ Kh6
36.Qg3 Rc1 37.Qg7# 1-0

[Event "Ch Croatia (team)"]
[Site "masterchessopen.com Sibenik (Croatia)"]
[Date "2007.10.21"]
[Round "9"]
[White "Gyimesi Zoltan (HUN)"]
[Black "Almasi Zoltan (HUN)"]
[Result "1-0"]
[WhiteElo "2610"]
[BlackElo "2691"]

{ } 1.d4 Nf6 2.c4 e6 3.Nc3 Bb4 4.Qc2 d5 5.cxd5 exd5 6.Bg5 c5 7.dxc5 h6 8.Bh4
Nc6 9.e3 g5 10.Bg3 Qa5 ( 10...Ne4 11.Nf3 Qf6 12.Bb5 Nxc3 13.Bxc6+ bxc6 14.a3
g4 15.Be5 Ne4+ 16.axb4 Qf5 17.Bxh8 gxf3 18.Rg1 Qg4 19.Qd1 Ng5 20.Qd4 Ne4
21.Qe5+ Be6 22.Qf4 Qg6 23.Qxf3 f6 24.Qf4 Kf7 25.f3 Ng5 26.Kd2 Qf5 27.h4 Qxf4
28.exf4 Nh7 29.g4 { 1-0, Kasparov Garry 2800 - Spassky Boris V 2560 , Linares
1990 It (cat.16) } ) 11.Nf3 ( 11.Ne2 Bxc5 12.Nc1 Nb4 13.Qd1 Bf5 14.Bb5+ Ke7
15.O-O Rhd8 16.a3 Nc2 17.b4 Bxb4 18.Nb3 Bxc3 19.Nxa5 Bxa5 20.Ra2 Rac8 21.Ba4 {
1-0, Schenk Andreas 2494 - Huss Andreas 2332 , Pula 2003 Cup Mitropa } ) (
11.Bd3 d4 12.exd4 Nxd4 13.Qc1 O-O 14.Ne2 Nxe2 15.Kxe2 Re8+ 16.Kf1 Qxc5 17.h4
Bf5 18.Qc2 Bxd3+ 19.Qxd3 Rad8 20.Qf3 Bxc3 21.bxc3 Ne4 22.Kg1 Qxc3 23.Qxc3 Nxc3
24.Kh2 Rd2 25.Rhc1 Rxa2 26.hxg5 hxg5 27.Rxa2 Nxa2 28.Rc7 a6 29.Rxb7 Nc3 30.Ra7
Re6 { ...1/2-1/2, Varga Peter 2484 - Krejci Jakub 2319 , Slovakia 2001 Extra
League 2001/02 } ) 11...Ne4 12.Nd2 { ? } 12...Nxc3 ( 12...Bxc3 13.bxc3 Qxc3
14.Qxc3 Nxc3 15.f3 Bf5 16.Kf2 O-O 17.h4 Rfe8 18.hxg5 hxg5 19.Nb3 Kg7 20.Kg1
Rxe3 21.Bf2 Ne2+ 22.Bxe2 Rxe2 23.Nd4 Nxd4 24.Bxd4+ Kg6 25.g4 Bd3 26.Rh2 Rae8
27.Rd1 Bc4 28.Rd2 R2e6 29.Kf2 Ra6 30.Kg3 Ra4 31.Rb2 Ba6 32.Rhd2 { ...1/2-1/2,
Korchnoi Viktor 2630 - Portisch Lajos 2590 , Amsterdam 1990 It "OHRA" (cat.14)
} ) 13.bxc3 Bxc3 14.Rb1 { ^00 ^01 ^00 ^00 ^00 ^05 Bc3b4 ^254 ^00 ^00 ^00 ^128
} ( 14.Rc1 Bf6 15.Bd6 Bd7 16.Be2 Nb4 17.Qb3 Bc6 18.O-O Nxa2 19.Rc2 Nb4 20.Rb2
Na6 21.Ra2 Qc3 22.Qd1 Nb8 23.e4 d4 24.Nc4 Nd7 25.e5 Bg7 26.Ra3 Qb4 27.Qxd4 {
1-0, Sapunov Evgeny 2473 - Sokolov Andrei 2565 , St. Petersburg 1998 Ch Russia
} ) 14...Bb4 { N ^254 ^00 ^00 ^00 ^04 !? } ( 14...Qxc5 15.Rb5 Qa3 16.Rb3 Bxd2+
17.Qxd2 Qa5 18.Bb5 ( 18.Qxa5 Nxa5 19.Rb5 b6 20.h4 g4 21.Rxd5 Be6 22.Bb5+ Ke7
23.Bd6+ Kf6 24.Be5+ Ke7 25.Bd6+ Kf6 26.Be5+ Ke7 { 1/2-1/2, Gordon Stephen J
2443 - Short Nigel D 2676 , Liverpool 14. 9.2006 Ch European Union } )
18...Qxd2+ 19.Kxd2 Bd7 20.Bxc6 Bxc6 21.h4 Ke7 22.Be5 f6 23.Bd4 g4 24.Rc1 Ke6
25.Rb4 h5 26.Rc3 Rhc8 27.a4 b6 28.Kc2 Be8 29.Kb2 Rxc3 30.Bxc3 Rc8 31.e4 Bc6
32.exd5+ Bxd5 33.g3 Bc4 34.Bd4 { ...1/2-1/2, Spassky Boris V 2560 - Fischer
Robert J 2785 , Sveti-Stefan/Belgrade 1992 Match } ) ( 14...a6 15.Bd6 Be5
16.Bxe5 Nxe5 17.Be2 O-O 18.O-O Qc7 19.Rb6 Nc6 20.Nf3 Re8 21.Rfb1 Qe7 22.Bd3
Qf6 23.Nd4 Nxd4 24.exd4 Qxd4 25.Rxh6 Re6 26.Qd2 Qf4 27.Qxf4 gxf4 28.Rh5 Rf6
29.Rxd5 Be6 30.Rg5+ Kf8 31.Rxb7 Rd8 32.Be2 Rd2 33.Bf3 Rxa2 34.h4 { ...1-0,
Glek Igor V 2505 - Yuferov Sergey N 2445 , Moscow 1989 Ch Moscow (I liga) } )
15.Bd6 Be6 16.Bd3 { +0.52 CAP } 16...O-O-O 17.Ke2 Rhe8 18.Nb3 Qa4 19.Rhd1 d4
20.Kf1 dxe3 21.fxe3 Ba5 22.Nd4 Qxc2 23.Bxc2 Nb4 24.Bb3 Bxb3 25.Rxb3 Rd7
26.Rdb1 Nd5 { ? } ( { ? } 26...b6 27.Rxb4 Bxb4 28.Rxb4 Rxe3 29.cxb6 axb6
30.Rxb6 Rb7 31.Rc6+ Kd7 32.Rc2 Re4 33.Bc5 { } ) 27.Nb5 Kd8 28.Nxa7 Bc7 29.Rxb7
Bxd6 30.cxd6 Rxd6 31.Rb8+ Ke7 32.Nc8+ Rxc8 33.Rxc8 Nxe3+ 34.Kf2 Ng4+ 35.Kg1
Rd2 36.a4 Ra2 37.Re1+ Kf6 38.h3 Ne5 39.Ra8 Nd3 40.Rf1+ Kg7 41.Ra7 Nf4 42.Rf2
Ra3 43.Kh2 Kg6 44.a5 h5 45.g3 Nd3 46.Rfxf7 { } {#r} 1-0

[Event "It \"]
[Site "masterchessopen.com Kharkov (Ukraine)"]
[Date "2007.10.22"]
[Round "2"]
[White "Soloviova E"]
[Black "Bulmaga Irina (MDA)"]
[Result "1-0"]
[WhiteElo "2111"]
[BlackElo "2176"]

1.d4 Nf6 2.c4 e6 3.Nc3 Bb4 4.Qc2 d5 5.cxd5 exd5 6.Bg5 c5 7.e3 h6 8.Bh4 O-O
9.Bd3 Nc6 10.Ne2 Be6 11.O-O Rc8 12.Qd2 cxd4 13.exd4 Bd6 14.Bg3 Ne7 15.Bxd6
Qxd6 16.Ng3 Qd7 17.Rfe1 Nc6 18.Bc2 a6 19.a3 b5 20.Qd3 g6 21.Re2 Kg7 22.Rae1
Ne7 23.Qd2 Rfe8 24.h4 Rg8 25.Na2 Qa7 26.Nc3 Rc4 27.Rxe6 fxe6 28.Rxe6 Kf7
29.Qe3 Rc6 30.Rxc6 Nxc6 31.Nce2 h5 32.Qf4 Qd7 33.Nc3 {#r} 1-0

[Event "It (open) \"]
[Site "masterchessopen.com Gornozavodsk (Russia)"]
[Round "11"]
[White "Krutko Anatoly (RUS)"]
[Black "Letov Alexander (RUS)"]
[Result "1-0"]
[WhiteElo "2443"]
[BlackElo "2337"]

1.d4 Nf6 2.c4 e6 3.Nc3 Bb4 4.Qc2 d5 5.cxd5 exd5 6.Bg5 O-O 7.e3 h6 8.Bh4 Bg4
9.a3 Bxc3+ 10.Qxc3 c6 11.Bd3 Nbd7 12.f3 Bh5 13.Ne2 Bg6 14.Bf2 Bxd3 15.Qxd3 c5
16.O-O c4 17.Qc2 b5 18.Kh1 Nh7 19.e4 Nb6 20.Ng3 Ng5 21.Rae1 Ne6 22.Nf5 Nf4
23.Bh4 Qd7 24.Qd2 Ng6 25.Bf6 c3 26.bxc3 Nc4 27.Qc1 Qc7 28.e5 Qd7 29.Nxg7 Kh7
30.g4 Nh4 31.Nh5 Nf5 32.Qc2 Nxa3 33.Qd3 Rac8 34.e6 fxe6 35.gxf5 Qf7 36.Rg1 e5
37.Rg7+ Qxg7 38.Bxg7 e4 39.fxe4 b4 40.Qg3 Rc6 41.Nf6+ {#r} 1-0

[Event "Ch Europe (team)"]
[Site "masterchessopen.com Crete (Greece)"]
[Date "2007.11.03"]
[Round "6"]
[White "Iclicki Willy (MNC)"]
[Black "Berescu Alin (ROM)"]
[Result "0-1"]
[WhiteElo "2147"]
[BlackElo "2508"]

1.d4 Nf6 2.c4 e6 3.Nc3 Bb4 4.Qc2 d5 5.cxd5 exd5 6.Bg5 Nbd7 7.e3 c5 8.Bd3 Qa5
9.Bxf6 Nxf6 10.Ne2 c4 11.Bf5 O-O 12.O-O g6 13.Bxc8 Raxc8 14.Qa4 Qxa4 15.Nxa4
b5 16.Nac3 Rb8 17.a4 Bxc3 18.bxc3 b4 19.cxb4 Rxb4 20.Nc3 a5 21.f3 Re8 22.Rfe1
Rd8 23.Red1 Ne8 24.e4 Nc7 25.Rd2 Kf8 26.Kf2 Ke7 27.Re1 Kd7 28.exd5 Re8 29.Rxe8
Nxe8 30.Ne4 f5 31.Nc5+ Kd6 32.Ke3 Nc7 33.Rc2 Kxd5 34.Rc3 f4+ {#R} 0-1

[Event "Ch World (juniors) (under 12)"]
[Site "masterchessopen.com Kemer (Turkey)"]
[Date "2007.11.22"]
[Round "6"]
[White "Tomsia Kamil (POL)"]
[Black "Grower Sahaj (IND)"]
[Result "0-1"]
[WhiteElo "2032"]
[BlackElo "2238"]

1.d4 Nf6 2.c4 e6 3.Nc3 Bb4 4.Qc2 d5 5.cxd5 exd5 6.Bg5 h6 7.Bh4 c5 8.e3 Nc6
9.Rd1 cxd4 10.exd4 g5 11.Bg3 Qe7+ 12.Be2 Ne4 13.Nf3 Bf5 14.Qc1 O-O 15.Kf1 Rfe8
16.Bb5 Bxc3 17.bxc3 Rac8 18.Kg1 a6 19.Bf1 Na5 20.Re1 Rxc3 21.Qb2 Qa3 22.Qb6
Rc6 23.Qb1 Rec8 24.Qd1 Rc1 25.Qe2 R8c2 26.Qe3 Rc3 27.Qe2 R1c2 28.Qd1 Qxa2
29.Qa1 Rxf2 {#R} 0-1

[Event "Ch Egypt"]
[Site "masterchessopen.com Cairo (Egypt)"]
[Date "2007.12.04"]
[Round "4"]
[White "Ibrahim Hatim (EGY)"]
[Black "El Ghazali Youssef M (EGY)"]
[Result "0-1"]
[WhiteElo "2280"]
[BlackElo "2330"]

1.d4 Nf6 2.c4 e6 3.Nc3 Bb4 4.Qc2 d5 5.cxd5 exd5 6.Bg5 Nc6 7.e3 O-O 8.Bd3 h6
9.Bh4 Re8 10.Ne2 Be6 11.h3 Be7 12.a3 Qd7 13.O-O-O a6 14.f4 b5 15.f5 b4 16.fxe6
Qxe6 17.axb4 Nxb4 18.Qd2 Rab8 19.Nf4 Qd7 20.Bxf6 Bxf6 21.Bb1 Rb6 22.Nd3 Nxd3+
23.Qxd3 Rxe3 24.Qh7+ Kf8 25.Rhe1 Rbe6 26.Rxe3 Rxe3 27.Qh8+ Ke7 28.Qa8 Rxc3+
29.bxc3 Bg5+ 30.Rd2 Qb5 31.Qc8 Bxd2+ 32.Kxd2 Qxb1 33.Qxc7+ Ke6 34.Qc8+ Ke7
35.Qc7+ Ke8 36.Qe5+ Kf8 37.Qxd5 Qb2+ 38.Kd3 Qb1+ 39.Kc4 g5 40.Qc5+ Kg7 41.d5
Kf6 42.Qd4+ Ke7 43.Kc5 Qb5# 0-1

[Event "Ch Commonwealth"]
[Site "masterchessopen.com New Delhi (India)"]
[Date "2007.12.06"]
[Round "6"]
[White "Islam Kh Aminul (BAN)"]
[Black "Grower Sahaj (IND)"]
[Result "0-1"]
[WhiteElo "2390"]
[BlackElo "2238"]

1.d4 Nf6 2.c4 e6 3.Nc3 Bb4 4.Qc2 d5 5.cxd5 exd5 6.Bg5 h6 7.Bh4 c5 8.a3 Bxc3+
9.bxc3 cxd4 10.cxd4 g5 11.Bg3 Nc6 12.e3 Ne4 13.Nf3 h5 14.Bd3 Bf5 15.h3 Qa5+
16.Ke2 Rc8 17.Qb3 h4 18.Bh2 Nc3+ 19.Kd2 Nxd4 20.Nxd4 Ne4+ {#R} 0-1

[Event "Tournament (Elo)"]
[Site "masterchessopen.com Warsaw (Poland)"]
[Date "2007.12.06"]
[Round "11"]
[White "Denderski Piotr (POL)"]
[Black "Leniart Arkadiusz (POL)"]
[Result "0-1"]
[WhiteElo "2289"]
[BlackElo "2329"]

1.d4 Nf6 2.c4 e6 3.Nc3 Bb4 4.Qc2 d5 5.cxd5 exd5 6.a3 Be7 7.Bg5 c6 8.e3 Nbd7
9.Bd3 Nf8 10.Nf3 Ne6 11.Bh4 g6 12.h3 Nh5 13.Bxe7 Qxe7 14.O-O O-O 15.Ne5 f6
16.Bxg6 hxg6 17.Nxg6 Qh7 18.f4 Re8 19.f5 Ng5 20.Kh2 Ng7 21.h4 Bxf5 22.Rxf5
Qxg6 {#R} 0-1

[Event "NRW Klasse 2 2007/08"]
[Site "masterchessopen.com Germany"]
[Date "2007.12.09"]
[Round "4"]
[White "Riedel Holger Dr (GER)"]
[Black "Bitalzadeh Ali (NED)"]
[Result "0-1"]
[WhiteElo "2248"]
[BlackElo "2362"]

1.d4 Nf6 2.c4 e6 3.Nc3 Bb4 4.Qc2 d5 5.cxd5 exd5 6.Bg5 c5 7.Nf3 Nc6 8.dxc5 Be6
9.e3 Rc8 10.Bd3 h6 11.Bh4 O-O 12.O-O Bxc5 13.Bf5 Bb4 14.Rfd1 Bxc3 15.Bxe6 fxe6
16.Qxc3 Ne4 17.Qxc6 bxc6 18.Bxd8 Rcxd8 19.b4 Rb8 20.a3 c5 21.bxc5 Nxc5 22.Rab1
Ne4 23.Rxb8 Rxb8 24.Nd4 Nc3 25.Re1 e5 26.Nc6 Re8 27.Kf1 Re6 28.Nxa7 Ra6 29.Nc8
Kf7 30.f4 Rc6 31.Na7 Rc7 32.Rc1 exf4 33.exf4 d4 {#R} 0-1

[Event "Ch Niedersachsen (open)"]
[Site "masterchessopen.com Verden (Germany)"]
[Date "2008.01.03"]
[Round "1"]
[White "Konow Philipp (GER)"]
[Black "Mayen Paul"]
[Result "1-0"]
[WhiteElo "1856"]
[BlackElo "911"]

1.d4 d5 2.c4 e6 3.Nc3 Bb4 4.cxd5 exd5 5.Qc2 Nf6 6.Bg5 h6 7.Bh4 Nc6 8.e3 a6
9.Bd3 g5 10.Bg3 Ng4 11.Ne2 f5 12.Bxf5 Qf6 13.Bg6+ Kd8 14.h3 Rg8 15.Bh7 Rh8
16.hxg4 {#r} 1-0

[Event "Ch Belgium (team) 2007/08"]
[Site "masterchessopen.com Belgium"]
[Date "2008.01.06"]
[Round "6"]
[White "Brunner Nicolas (FRA)"]
[Black "Cekro Ekrem (BEL)"]
[Result "1-0"]
[WhiteElo "2415"]
[BlackElo "2419"]

1.d4 Nf6 2.c4 e6 3.Nc3 Bb4 4.Qc2 d5 5.cxd5 exd5 6.Bg5 O-O 7.e3 Re8 8.a3 Be7
9.Bd3 Nbd7 10.b4 h6 11.Bf4 c6 12.Nb5 cxb5 13.Bc7 Bxb4+ 14.axb4 Qe7 15.Qb3 Nf8
16.Be5 Bd7 17.Ne2 Ng4 18.Bg3 Bc6 19.O-O a6 20.Nc3 Rad8 21.Rae1 Nf6 22.f3 Qe6
23.Qb1 N6d7 24.e4 Qf6 25.e5 Qe7 26.f4 Nb6 27.f5 f6 28.exf6 Qxf6 29.Be5 Qf7
30.f6 g6 31.Qc1 g5 32.h4 Nbd7 33.hxg5 Nxe5 34.dxe5 d4 35.g6 Nxg6 36.Qxh6 {#r}
1-0

[Event "Tournament (youth)"]
[Site "masterchessopen.com St. Petersburg (Russia)"]
[Date "2008.01.12"]
[Round "8"]
[White "Nikolaev Vadim S (RUS)"]
[Black "Gorjunov Sergey (RUS)"]
[Result "0-1"]
[WhiteElo "2151"]
[BlackElo "2092"]

1.d4 e6 2.c4 Nf6 3.Nc3 Bb4 4.Qc2 d5 5.cxd5 exd5 6.Bg5 h6 7.Bf4 Nc6 8.Nf3 O-O
9.e3 Nh5 10.Be5 Nxe5 11.Nxe5 c6 12.Be2 Nf6 13.O-O Nd7 14.Nf3 Bd6 15.Rab1 b5
16.e4 b4 17.e5 Be7 18.Na4 Nb6 19.Nc5 a5 20.b3 Ra7 21.Ne1 Nd7 22.Ned3 Qb6 23.f4
Nxc5 24.dxc5 Qc7 25.f5 Bg5 26.Bg4 Be3+ 27.Kh1 Ba6 28.e6 f6 29.Rf3 Bxd3 30.Qxd3
Bxc5 31.Rh3 Qe5 32.Bh5 Rfa8 33.Qc2 Be7 34.Bf7+ Kh7 35.Bg6+ Kh8 36.Qxc6 Rd8
37.Rd1 Rc7 38.Qb6 d4 39.Qa6 Rdc8 40.Qf1 Rc3 41.Qa6 Rc1 42.Rd3 Qe1+ {#R} 0-1

[Event "Ch PriFO"]
[Site "masterchessopen.com Kazan (Russia)"]
[Date "2008.01.26"]
[Round "4"]
[White "Kamov Igor (RUS)"]
[Black "Kunakbaev Ilnur (RUS)"]
[Result "1-0"]
[WhiteElo "2260"]
[BlackElo "2132"]

1.d4 Nf6 2.c4 e6 3.Nc3 Bb4 4.Qc2 d5 5.cxd5 exd5 6.Bg5 h6 7.Bh4 c5 8.e3 cxd4
9.exd4 O-O 10.Bd3 Re8+ 11.Ne2 Nc6 12.O-O Be6 13.a3 Be7 14.b4 Rc8 15.Qb2 Nh5
16.Bxe7 Qxe7 17.Rac1 Qf6 18.Na4 Bg4 19.f3 Bd7 20.Nc5 Rcd8 21.Nxb7 Rxe2 22.Bxe2
Nxd4 23.Nxd8 Nxf3+ 24.Bxf3 Qxb2 25.Bxh5 g6 26.Bf3 Bb5 27.Rfd1 d4 28.Nb7 d3
29.Nc5 Qxa3 30.Kh1 d2 31.Rc2 Qxb4 32.Rdxd2 Qb1+ 33.Bd1 Be2 34.Rd8+ Kh7 35.Rxe2
Qf5 36.Re1 Qxc5 37.Bf3 {#r} 1-0

[Event "It (open) (b)"]
[Site "masterchessopen.com Moscow (Russia)"]
[Date "2008.02.04"]
[Round "3"]
[White "Ivanov Nikolay F (RUS)"]
[Black "Klimovets Kirill (RUS)"]
[Result "1-0"]
[WhiteElo "2039"]
[BlackElo "2191"]

1.d4 Nf6 2.c4 e6 3.Nc3 Bb4 4.Qc2 d5 5.cxd5 exd5 6.Bg5 O-O 7.e3 h6 8.Bh4 Nc6
9.Bd3 Re8 10.Ne2 Qd6 11.Bg3 Qe7 12.O-O Bxc3 13.bxc3 Bg4 14.Rab1 Rab8 15.h3
Bxe2 16.Bxe2 Ne4 17.Bf4 a6 18.a4 Na5 19.Rb2 Nd6 20.Rfb1 Nac4 21.Bxd6 cxd6
22.Bxc4 dxc4 23.Qf5 Qc7 24.a5 Re7 25.Qd5 Qd8 26.Rb6 Rd7 27.g3 Qc8 28.Kg2 Qe8
29.R1b4 Rc7 30.Rxd6 Qe7 31.e4 Re8 32.e5 Rec8 33.h4 Kh7 34.Rdb6 Rd8 35.Qe4+ Kh8
36.Rxb7 f5 37.Qf3 f4 38.Rb8 fxg3 39.fxg3 Rd7 40.Qa8 Kh7 41.Qe4+ Kh8 42.e6 Rd6
43.d5 Qe8 44.e7 Rxb8 45.Rxb8 {#r} 1-0

[Event "It (open) (w)"]
[Site "masterchessopen.com Moscow (Russia)"]
[Date "2008.02.06"]
[Round "5"]
[White "Shulakova Svetlana (RUS)"]
[Black "Yanjindulam Dulamsuren (MGL)"]
[Result "0-1"]
[WhiteElo "2151"]
[BlackElo "2286"]

1.d4 Nf6 2.c4 e6 3.Nc3 Bb4 4.Qc2 d5 5.cxd5 exd5 6.Bg5 h6 7.Bxf6 Qxf6 8.a3
Bxc3+ 9.Qxc3 O-O 10.e3 Bf5 11.Nf3 Nd7 12.Be2 Rfc8 13.O-O c5 14.Rac1 c4 15.Qa5
Qe6 16.Nd2 b6 17.Qa6 Nb8 18.Qa4 Nc6 19.Rfe1 b5 20.Qd1 Qd6 21.Bg4 Bxg4 22.Qxg4
b4 23.e4 bxa3 24.bxa3 Nxd4 25.exd5 Qxd5 26.Qe4 Qxe4 27.Nxe4 Rab8 28.Kf1 Rc6
29.Red1 Nb3 30.Rc3 Re8 31.Nd2 Rd8 32.Ke2 Re6+ 33.Re3 Red6 34.Nxc4 Rxd1 35.Rxb3
Rc1 {#R} 0-1

[Event "Ch Croatia (juniors) (team)"]
[Site "masterchessopen.com Sv. Filip i Jakov (Croatia)"]
[Date "2008.03.27"]
[Round "6"]
[White "Vrsek Ivan (CRO)"]
[Black "Bosiocic Marin (CRO)"]
[Result "0-1"]
[WhiteElo "2183"]
[BlackElo "2549"]

1.d4 Nf6 2.c4 e6 3.Nc3 Bb4 4.Qc2 d5 5.cxd5 exd5 6.Bg5 c5 7.dxc5 h6 8.Bxf6 Qxf6
9.a3 Bxc3+ 10.Qxc3 Qxc3+ 11.bxc3 Na6 12.e3 Nxc5 13.Rd1 Be6 14.Nf3 Ne4 15.c4
O-O-O 16.cxd5 Bxd5 17.Bd3 Nc5 18.Nd4 Kb8 19.f3 Ne6 20.Nxe6 Bxe6 21.Ke2 Rd5
22.Rb1 Ra5 23.f4 Rxa3 24.f5 Bd5 25.e4 Re8 26.Rb4 a5 27.Rd4 Bc6 28.g4 Rb3 29.h4
a4 30.Kd2 Rb2+ 31.Kc3 Rg2 32.g5 hxg5 33.h5 Rg3 34.f6 gxf6 35.h6 g4 36.h7 Rh3
{#R} 0-1

[Event "It (b)"]
[Site "masterchessopen.com Gausdal (Norway)"]
[Date "2008.04.14"]
[Round "7"]
[White "Quinn John M (ENG)"]
[Black "Tofte Sondre Waage (NOR)"]
[Result "0-1"]
[WhiteElo "2136"]
[BlackElo "2120"]

1.d4 Nf6 2.c4 e6 3.Nc3 Bb4 4.Qc2 d5 5.cxd5 exd5 6.Bg5 c5 7.dxc5 h6 8.Bh4 g5
9.Bg3 Ne4 10.e3 Qa5 11.Ne2 Nc6 12.a3 Bf5 13.Qc1 Nxc5 14.axb4 Nd3+ 15.Kd2 Qxb4
16.Ra4 Qb3 17.Qc2 Qxc2+ 18.Kxc2 Nxf2+ 19.e4 Nxh1 20.exf5 Nxg3 21.Nxg3 O-O-O
22.Bb5 Kb8 23.Nge2 Rd6 24.Nd4 Ne5 25.Be2 a6 26.Bf3 Rc8 27.Kb3 Nc4 28.Ka2 Nb6
29.g4 {#R} 0-1

[Event "Ch Europe"]
[Site "masterchessopen.com Plovdiv (Bulgaria)"]
[Date "2008.04.30"]
[Round "9"]
[White "Chigladze Iveri (GEO)"]
[Black "Monev Alexander (BUL)"]
[Result "0-1"]
[WhiteElo "2401"]
[BlackElo "2100"]

1.d4 Nf6 2.c4 e6 3.Nc3 Bb4 4.Qc2 d5 5.cxd5 exd5 6.Bg5 c6 7.e3 Nbd7 8.Bd3 h6
9.Bh4 O-O 10.Ne2 Re8 11.O-O-O Be7 12.f3 b5 13.g4 Nb6 14.Bf2 Nc4 15.Ng3 Qa5
16.Kb1 Rb8 17.Qb3 b4 18.Nce2 Ba6 19.h4 Na3+ 20.bxa3 bxa3 21.Bxa6 Qxa6 22.Ka1
Rxb3 23.axb3 Rb8 24.Rb1 a2 25.Rb2 Ba3 26.Rd2 Rxb3 27.Rhd1 Qb6 28.Rxa2 Bb2+
29.Kb1 Bxd4+ 30.Kc1 Rb1+ 31.Kd2 Qb4+ {#R} 0-1